000 00422nam a2200157Ia 4500
005 20240610024426.0
008 240331s9999 xx 000 0 und d
082 _bETH
_a351
100 _aMarga. ed
245 0 _aEthnicity and devolution :
_bsolution oriented perspectives- seminar report
260 _aColombo
_bMarga Institute
_c1987
300 _a92 p.,
650 _aEthnicity
650 _aDevolution
942 _cL
999 _c2863
_d2863